Normal view
MARC view
Entry Personal Name
001 - CONTROL NUMBER
- control field: 38493
003 - CONTROL NUMBER IDENTIFIER
- control field: ARRUPE
005 - DATE AND TIME OF LATEST TRANSACTION
- control field: 20180116113745.0
008 - FIXED-LENGTH DATA ELEMENTS
- fixed length control field: 180116|| aca||aabn | a|a d
040 ## - CATALOGING SOURCE
- Original cataloging agency: ARRUPE
- Transcribing agency: ARRUPE
100 ## - HEADING--PERSONAL NAME
- Personal name: Luneau, René,
- Relator term: joint author.
670 ## - SOURCE DATA FOUND
- Source citation: Work cat.: (ARRUPE)0: Thomas, Louis-Vincent, 1922- 38364, La terre africaine et ses religions :, 1974